Literary criticism in antiqulity : (Record no. 216)
[ view plain ]
| 000 -LEADER | |
|---|---|
| fixed length control field | 00865nam a22002537a 4500 |
| 001 - CONTROL NUMBER | |
| control field | 216 |
| 003 - CONTROL NUMBER IDENTIFIER | |
| rucl marc code | BD-RjUL |
| 005 - DATE AND TIME OF LATEST TRANSACTION | |
| control field | 20211208233130.0 |
| 008 - FIXED-LENGTH DATA ELEMENTS--GENERAL INFORMATION | |
| fixed length control field | 131116s1952 -uk ||||| ||| 001 0 eng d |
| 035 ## - SYSTEM CONTROL NUMBER | |
| System control number | (BD-RjUL)230 |
| -- | (OCLC)1679768 |
| 040 ## - CATALOGING SOURCE | |
| Original cataloging agency | BD-RjUL |
| Language of cataloging | eng |
| Transcribing agency | BD-RjUL |
| 041 ## - LANGUAGE CODE | |
| Language code of text/sound track or separate title | eng |
| 082 04 - DEWEY DECIMAL CLASSIFICATION NUMBER | |
| Edition number | 20 |
| Classification number | 801.950941 |
| Author mark and year | ATL |
| 100 1# - MAIN ENTRY--PERSONAL NAME | |
| Personal name | Atkins, J. W. H. |
| 9 (RLIN) | 650 |
| 245 1# - TITLE STATEMENT | |
| Title | Literary criticism in antiqulity : |
| Remainder of title | A sketch of its development / |
| Statement of responsibility, etc. | J.W. H. Atkins. |
| 260 ## - PUBLICATION, DISTRIBUTION, ETC. (IMPRINT) | |
| Place of publication, distribution, etc. | London : |
| Name of publisher, distributor, etc. | Methuen & Co. Ltd. , |
| Date of publication, distribution, etc. | 1952. |
| 300 ## - PHYSICAL DESCRIPTION | |
| Pagination | xi, 363 p. ; |
| Size | 21 cm. |
| 490 1# - SERIES STATEMENT | |
| Series statement | Graeco-roman |
| Volume/sequential designation | V-2 |
| 504 ## - BIBLIOGRAPHY, ETC. NOTE | |
| Bibliography, etc | Includes indexes. |
| 650 #0 - SUBJECT ADDED ENTRY--TOPICAL TERM | |
| Topical term or geographic name as entry element | Criticism |
| Form subdivision | History |
| Geographic subdivision | Great Britain |
| 9 (RLIN) | 651 |
| Topical term or geographic name as entry element | Classical literature |
| 9 (RLIN) | 652 |
| Form subdivision | History and criticism. |
| 856 4# - ELECTRONIC LOCATION AND ACCESS | |
| Materials specified | WorldCat details. |
| Uniform Resource Identifier | <a href="http://www.worldcat.org/search?q=j.w.+h.+atkins&qt=notfound_page&search=Search">http://www.worldcat.org/search?q=j.w.+h.+atkins&qt=notfound_page&search=Search</a> |
| 942 ## - ADDED ENTRY ELEMENTS (KOHA) | |
| Source of classification or shelving scheme | Dewey Decimal Classification |
| Koha item type | Books |
| Lost status | Source of classification or shelving scheme | Damaged status | Not for loan | Collection code | Permanent Location | Current Location | Shelving location | Date acquired | Source of acquisition | Cost, normal purchase price | Total Checkouts | Full call number | Date last seen | Copy number | Koha item type |
|---|---|---|---|---|---|---|---|---|---|---|---|---|---|---|---|
| Dewey Decimal Classification | Not For Loan | Non-fiction | Central Library, University of Rajshahi | Central Library, University of Rajshahi | 27/09/1955 | B. H. Black well | 1.51 | 801.950941 ATL 1952 V-2 | 13/11/2013 | C-1 | Books |